000 00443nam a2200181Ia 4500
001 19744
005 20260306172715.0
008 260306t2008||||xx |||||||||||||| ||spa||
041 _aESP
082 _a341
_bP78I
100 _aPortela, Jorge Guillermo
_eAUT
245 0 _aUna introducción a los valores jurídicos
260 _c2008
300 _a185 páginas :
_c22 cm.
650 _aGEN
654 _aCDE
942 _cLIB
_dJUS
_fJUS
_2ddc
_n
999 _c19744
_d19744